| 000 | 00742nam a22002057a 4500 | ||
|---|---|---|---|
| 999 |
_c187032 _d187032 |
||
| 005 | 20220328125201.0 | ||
| 010 | _aENG-132133 | ||
| 020 |
_a9789391420109 _c137.00 |
||
| 035 | _aEN-115665 | ||
| 037 | _bDBAD/PUB | ||
| 082 | _a641.4 | ||
| 100 | _aSekhar, A. Raja | ||
| 245 |
_aFruits & Vegetables Preservation : _bSkill Development Course/ _cA. Raja Sekhar , N. M. Deepa and P. Sandhya Rani |
||
| 260 |
_aHyderabad _bSpectrum Publications _c2021 |
||
| 270 |
_a#326/C, III Floor , Surneni Nilayam Near B K Guda Park, S R Nayar _bHyderabad _e500038 _k91-4023710657 _mstudentshelpline.in@gmail.com |
||
| 300 |
_aviii,144p. _c24cm(pbk) |
||
| 700 | _aDeepa, N.M | ||
| 700 | _aRani, P. Sandhya | ||
| 942 |
_2ddc _cEN _mSEK _h641.4 |
||